[Event "29th Czech Open-Rapid 2018"]
[Site "Pardubice"]
[Date "2018.07.19"]
[Round "6"]
[White "Tarakanov, Oleg"]
[Black "Holy, Filip"]
[Result "1-0"]
[WhiteElo "2128"]
[BlackElo "2042"]
[Annotator "NA"]
[PlyCount "77"]
[EventDate "2018.07.18"]
[EventType "swiss"]
[EventCountry "CZE"]
[SourceTitle "playchess.com"]
[Source "ChessBase"]
[SourceQuality "1"]
[TimeControl "900+10"]

1. e4 {[%emt 0:00:01]} c6 {[%emt 0:00:03]} 2. d4 {[%emt 0:00:06]} d5 {[%emt 0:00:01]} 3. Nc3 {[%emt 0:00:07]} dxe4 {[%emt 0:00:02]} 4. Nxe4 {[%emt 0:00:01]} Nf6 {[%emt 0:00:03]} 5. Ng3 {[%emt 0:00:26]} h5 {[%emt 0:00:04]} 6. Bc4 {[%emt 0:00:28]} Qc7 {[%emt 0:00:44]} 7. Nf3 {[%emt 0:01:33]} e6 {[%emt 0:01:48]} 8. O-O {[%emt 0:00:22]} Nbd7 {[%emt 0:00:52]} 9. Qe2 {[%emt 0:01:24]} Be7 {[%emt 0:03:39]} 10. Ng5 {[%emt 0:03:05]} Nf8 {[%emt 0:00:40]} 11. Re1 {[%emt 0:00:58]} b5 {[%emt 0:03:05]} 12. Bb3 {[%emt 0:00:28]} N8h7 {[%emt 0:01:23]} 13. h4 {[%emt 0:03:30]} Nxg5 {[%emt 0:00:11]} 14. Bxg5 {[%emt 0:00:02]} Bb7 {[%emt 0:01:46]} 15. c4 {[%emt 0:00:12]} Rd8 {[%emt 0:00:25]} 16. Rad1 {[%emt 0:00:27]} a6 {[%emt 0:00:43]} 17. c5 {[%emt 0:01:15]} a5 {[%emt 0:00:52]} 18. a3 {[%emt 0:00:16]} Ba6 {[%emt 0:01:10]} 19. Qf3 {[%emt 0:00:05]} b4 {[%emt 0:00:19]} 20. axb4 {[%emt 0:00:03]} axb4 {[%emt 0:00:01]} 21. Bf4 {[%emt 0:00:21]} Qb7 {[%emt 0:00:05]} 22. Be5 {[%emt 0:00:08]} Bb5 {[%emt 0:00:12]} 23. Re3 {[%emt 0:00:43]} Ra8 {[%emt 0:00:15]} 24. Rde1 {[%emt 0:00:12]} Kf8 {[%emt 0:00:24]} 25. Qd1 {[%emt 0:00:47]} Ng4 {[%emt 0:00:11]} 26. Rf3 {[%emt 0:00:05]} Nf6 {[%emt 0:00:08]} 27. Qd2 {[%emt 0:00:17]} Ba4 {[%emt 0:00:02]} 28. Bc4 {[%emt 0:00:06]} Rb8 {[%emt 0:00:19]} 29. b3 {[%emt 0:00:14]} Bb5 {[%emt 0:00:01]} 30. Qxb4 {[%emt 0:00:01]} Bxc4 {[%emt 0:00:01]} 31. Qxc4 {[%emt 0:00:01]} Qb4 {[%emt 0:00:11]} 32. Ra1 {[%emt 0:00:25]} Qxc4 {[%emt 0:00:26]} 33. bxc4 {[%emt 0:00:01]} Rc8 {[%emt 0:00:05]} 34. Ra7 {[%emt 0:00:06]} Ng4 {[%emt 0:00:10]} 35. Bd6 {[%emt 0:00:11]} Re8 {[%emt 0:00:16]} 36. Rfa3 {[%emt 0:00:18]} Bxd6 {[%emt 0:00:11]} 37. cxd6 {[%emt 0:00:01]} Rh6 {[%emt 0:00:10]} 38. Ne4 {[%emt 0:00:11]} Rb8 {[%emt 0:00:10]} 39. Ra8 {[%emt 0:00:08]} 1-0

[Event "29th Czech Open-Rapid 2018"]
[Site "Pardubice"]
[Date "2018.07.19"]
[Round "6"]
[White "Fedotov, Konstantin"]
[Black "Harshini, A."]
[Result "1-0"]
[WhiteElo "2123"]
[BlackElo "1747"]
[Annotator "NA"]
[PlyCount "81"]
[EventDate "2018.07.18"]
[EventType "swiss"]
[EventCountry "CZE"]
[SourceTitle "playchess.com"]
[Source "ChessBase"]
[SourceQuality "1"]
[TimeControl "900+10"]

1. e4 {[%emt 0:00:00]} e5 {[%emt 0:00:00]} 2. Bc4 {[%emt 0:00:00]} Nf6 {[%emt 0:00:00]} 3. d4 {[%emt 0:00:00]} d6 {[%emt 0:00:13]} 4. dxe5 {[%emt 0:00:08]} dxe5 {[%emt 0:00:01]} 5. Bxf7+ {[%emt 0:00:05]} Ke7 {[%emt 0:00:16]} 6. Qxd8+ {[%emt 0:00:10]} Kxd8 {[%emt 0:00:01]} 7. f3 {[%emt 0:00:03]} Nc6 {[%emt 0:00:09]} 8. Be3 {[%emt 0:00:12]} Bd6 {[%emt 0:00:11]} 9. Nc3 {[%emt 0:00:30]} Rf8 {[%emt 0:00:02]} 10. Bb3 {[%emt 0:00:15]} a6 {[%emt 0:00:10]} 11. a3 {[%emt 0:00:09]} Na5 {[%emt 0:00:28]} 12. Ba2 {[%emt 0:00:05]} b5 {[%emt 0:00:01]} 13. O-O-O {[%emt 0:00:11]} Bd7 {[%emt 0:00:16]} 14. Rxd6 {[%emt 0:00:06]} cxd6 {[%emt 0:00:30]} 15. Bb6+ {[%emt 0:00:01]} Ke7 {[%emt 0:00:15]} 16. Bxa5 {[%emt 0:00:03]} g5 {[%emt 0:00:09]} 17. h3 {[%emt 0:00:05]} h5 {[%emt 0:00:22]} 18. Nge2 {[%emt 0:00:01]} h4 {[%emt 0:00:55]} 19. Rd1 {[%emt 0:00:02]} Bc6 {[%emt 0:00:07]} 20. Nd5+ {[%emt 0:01:14]} Nxd5 {[%emt 0:00:35]} 21. Bxd5 {[%emt 0:00:02]} Bxd5 {[%emt 0:00:02]} 22. Rxd5 {[%emt 0:00:02]} Rf6 {[%emt 0:01:42]} 23. Nc3 {[%emt 0:00:04]} Rc8 {[%emt 0:00:11]} 24. Rd3 {[%emt 0:00:03]} Ke6 {[%emt 0:00:21]} 25. Nd5 {[%emt 0:00:46]} Rf7 {[%emt 0:00:02]} 26. Bd2 {[%emt 0:00:19]} Rg7 {[%emt 0:00:23]} 27. Nb4 {[%emt 0:00:18]} Ra8 {[%emt 0:00:37]} 28. Rc3 {[%emt 0:00:24]} Kd7 {[%emt 0:05:08]} 29. Nd5 {[%emt 0:00:06]} Ra7 {[%emt 0:00:02]} 30. Be3 {[%emt 0:00:31]} Rb7 {[%emt 0:00:10]} 31. b4 {[%emt 0:00:28]} Rg6 {[%emt 0:00:29]} 32. Nb6+ {[%emt 0:00:16]} Ke6 {[%emt 0:01:46]} 33. Rc6 {[%emt 0:00:03]} Rg8 {[%emt 0:02:26]} 34. Nd5 {[%emt 0:00:25]} Ra8 {[%emt 0:00:38]} 35. Bc5 {[%emt 0:00:28]} Rd8 {[%emt 0:01:26]} 36. Rxa6 {[%emt 0:00:05]} Rbd7 {[%emt 0:00:26]} 37. Be3 {[%emt 0:00:12]} Rg8 {[%emt 0:00:04]} 38. Rb6 {[%emt 0:00:04]} Ra7 {[%emt 0:00:18]} 39. Kb2 {[%emt 0:00:01]} Rga8 {[%emt 0:00:08]} 40. Rxb5 {[%emt 0:00:03]} Rxa3 {[%emt 0:00:02]} 41. Nc7+ {[%emt 0:00:02]} 1-0

[Event "29th Czech Open-Rapid 2018"]
[Site "Pardubice"]
[Date "2018.07.19"]
[Round "6"]
[White "Vinklarek, Ondrej"]
[Black "Rakshitta, Ravi"]
[Result "1-0"]
[WhiteElo "2122"]
[BlackElo "1565"]
[Annotator "NA"]
[PlyCount "79"]
[EventDate "2018.07.18"]
[EventType "swiss"]
[EventCountry "CZE"]
[SourceTitle "playchess.com"]
[Source "ChessBase"]
[SourceQuality "1"]
[TimeControl "900+10"]

1. e4 {[%emt 0:00:18]} e5 {[%emt 0:00:20]} 2. Nf3 {[%emt 0:00:02]} Nc6 {[%emt 0:00:03]} 3. Bb5 {[%emt 0:00:01]} a6 {[%emt 0:00:01]} 4. Ba4 {[%emt 0:00:01]} Nf6 {[%emt 0:00:01]} 5. d3 {[%emt 0:00:04]} b5 {[%emt 0:00:03]} 6. Bb3 {[%emt 0:00:01]} Be7 {[%emt 0:00:01]} 7. O-O {[%emt 0:00:02]} O-O {[%emt 0:00:05]} 8. c3 {[%emt 0:00:02]} d5 {[%emt 0:00:14]} 9. Qe2 {[%emt 0:00:40]} Bg4 {[%emt 0:00:06]} 10. Nbd2 {[%emt 0:00:28]} dxe4 {[%emt 0:00:37]} 11. dxe4 {[%emt 0:00:07]} Na5 {[%emt 0:00:08]} 12. h3 {[%emt 0:00:39]} Nxb3 {[%emt 0:00:11]} 13. axb3 {[%emt 0:00:54]} Bh5 {[%emt 0:00:04]} 14. g4 {[%emt 0:00:11]} Nxg4 {[%emt 0:01:32]} 15. hxg4 {[%emt 0:00:03]} Bxg4 {[%emt 0:00:02]} 16. Qe3 {[%emt 0:00:54]} Qd6 {[%emt 0:00:10]} 17. Nh2 {[%emt 0:00:49]} Bh5 {[%emt 0:01:05]} 18. Qg3 {[%emt 0:01:34]} f5 {[%emt 0:00:52]} 19. exf5 {[%emt 0:00:40]} Rxf5 {[%emt 0:00:08]} 20. Ne4 {[%emt 0:00:03]} Qc6 {[%emt 0:00:24]} 21. Qg2 {[%emt 0:00:06]} Raf8 {[%emt 0:00:34]} 22. Ng3 {[%emt 0:01:48]} e4 {[%emt 0:04:54]} 23. Qxe4 {[%emt 0:01:53]} Qxe4 {[%emt 0:01:51]} 24. Nxe4 {[%emt 0:00:01]} Re5 {[%emt 0:00:08]} 25. Ng3 {[%emt 0:00:12]} Bf7 {[%emt 0:00:20]} 26. Bf4 {[%emt 0:00:14]} Rc5 {[%emt 0:00:02]} 27. Be3 {[%emt 0:00:12]} Rc6 {[%emt 0:00:05]} 28. b4 {[%emt 0:01:35]} h5 {[%emt 0:00:15]} 29. Bd4 {[%emt 0:01:30]} h4 {[%emt 0:00:11]} 30. Ne4 {[%emt 0:00:21]} Bd5 {[%emt 0:00:47]} 31. f3 {[%emt 0:00:24]} Rg6+ {[%emt 0:00:40]} 32. Kh1 {[%emt 0:00:06]} Rh6 {[%emt 0:00:41]} 33. Rae1 {[%emt 0:00:14]} Bd8 {[%emt 0:00:04]} 34. Rg1 {[%emt 0:00:20]} Rf7 {[%emt 0:00:15]} 35. Ng4 {[%emt 0:00:21]} Rg6 {[%emt 0:00:34]} 36. Ne5 {[%emt 0:00:24]} Rxg1+ {[%emt 0:00:08]} 37. Rxg1 {[%emt 0:00:01]} Re7 {[%emt 0:00:33]} 38. Nf6+ {[%emt 0:00:06]} Kf8 {[%emt 0:00:24]} 39. Nxd5 {[%emt 0:00:08]} c6 {[%emt 0:00:03]} 40. Ng6+ {[%emt 0:00:03]} 1-0

[Event "29th Czech Open-Rapid 2018"]
[Site "Pardubice"]
[Date "2018.07.19"]
[Round "6"]
[White "Kyrychenko, Maryan"]
[Black "Turner, Jan"]
[Result "0-1"]
[WhiteElo "2120"]
[BlackElo "2332"]
[Annotator "NA"]
[PlyCount "210"]
[EventDate "2018.07.18"]
[EventType "swiss"]
[EventCountry "CZE"]
[SourceTitle "playchess.com"]
[Source "ChessBase"]
[SourceQuality "1"]
[TimeControl "900+10"]

1. e4 {[%emt 0:00:00]} Nc6 {[%emt 0:00:00]} 2. Nf3 {[%emt 0:00:00]} d6 {[%emt 0:00:00]} 3. d4 {[%emt 0:00:00]} Nf6 {[%emt 0:00:00]} 4. Nc3 {[%emt 0:00:13]} g6 {[%emt 0:00:00]} 5. Bg5 {[%emt 0:00:10]} Bg7 {[%emt 0:00:00]} 6. e5 {[%emt 0:00:17]} Nd7 {[%emt 0:00:55]} 7. exd6 {[%emt 0:00:30]} cxd6 {[%emt 0:00:02]} 8. Bc4 {[%emt 0:00:10]} O-O {[%emt 0:00:08]} 9. O-O {[%emt 0:00:03]} Nb6 {[%emt 0:00:13]} 10. Be2 {[%emt 0:00:01]} Bg4 {[%emt 0:00:10]} 11. Be3 {[%emt 0:00:14]} Bxf3 {[%emt 0:00:15]} 12. Bxf3 {[%emt 0:00:06]} Nc4 {[%emt 0:00:04]} 13. Qe2 {[%emt 0:00:48]} Nxe3 {[%emt 0:00:15]} 14. fxe3 {[%emt 0:00:01]} Rc8 {[%emt 0:00:05]} 15. Nd1 {[%emt 0:00:06]} e5 {[%emt 0:00:36]} 16. c3 {[%emt 0:00:03]} Qe7 {[%emt 0:00:28]} 17. Qd3 {[%emt 0:00:50]} f5 {[%emt 0:00:12]} 18. Bd5+ {[%emt 0:00:01]} Kh8 {[%emt 0:00:02]} 19. b4 {[%emt 0:00:23]} Rfe8 {[%emt 0:02:14]} 20. Nb2 {[%emt 0:01:34]} Qd7 {[%emt 0:01:35]} 21. a4 {[%emt 0:00:27]} Ne7 {[%emt 0:01:24]} 22. Bb3 {[%emt 0:00:06]} f4 {[%emt 0:00:22]} 23. e4 {[%emt 0:00:19]} exd4 {[%emt 0:00:08]} 24. cxd4 {[%emt 0:00:01]} Nc6 {[%emt 0:00:02]} 25. Kh1 {[%emt 0:00:51]} Nxd4 {[%emt 0:00:24]} 26. Rxf4 {[%emt 0:00:39]} Rf8 {[%emt 0:01:03]} 27. Rxf8+ {[%emt 0:00:17]} Rxf8 {[%emt 0:00:01]} 28. Bd5 {[%emt 0:00:16]} Nc6 {[%emt 0:01:40]} 29. Qd2 {[%emt 0:00:27]} Ne5 {[%emt 0:00:01]} 30. h3 {[%emt 0:00:55]} Qe7 {[%emt 0:00:06]} 31. Kg1 {[%emt 0:02:57]} Qh4 {[%emt 0:00:48]} 32. Rf1 {[%emt 0:00:14]} Rxf1+ {[%emt 0:00:56]} 33. Kxf1 {[%emt 0:00:01]} b6 {[%emt 0:00:22]} 34. Nd3 {[%emt 0:00:15]} Qg3 {[%emt 0:00:47]} 35. Nf2 {[%emt 0:01:37]} h5 {[%emt 0:00:40]} 36. Qc2 {[%emt 0:00:25]} Kh7 {[%emt 0:00:03]} 37. Qb3 {[%emt 0:01:12]} Qf4 {[%emt 0:00:12]} 38. Ke2 {[%emt 0:00:10]} Bh6 {[%emt 0:00:14]} 39. Qc2 {[%emt 0:00:25]} Qe3+ {[%emt 0:00:11]} 40. Kf1 {[%emt 0:00:02]} Qa3 {[%emt 0:00:30]} 41. Qc7+ {[%emt 0:00:30]} Bg7 {[%emt 0:00:01]} 42. Qxd6 {[%emt 0:00:11]} Qa1+ {[%emt 0:00:23]} 43. Ke2 {[%emt 0:00:01]} Qb2+ {[%emt 0:00:10]} 44. Kf1 {[%emt 0:00:23]} Qc1+ {[%emt 0:00:10]} 45. Ke2 {[%emt 0:00:00]} Qc2+ {[%emt 0:00:27]} 46. Kf1 {[%emt 0:00:01]} Qxa4 {[%emt 0:00:03]} 47. h4 {[%emt 0:00:22]} Qa1+ {[%emt 0:00:09]} 48. Ke2 {[%emt 0:00:01]} Qb2+ {[%emt 0:00:01]} 49. Kf1 {[%emt 0:00:00]} Qc1+ {[%emt 0:00:02]} 50. Ke2 {[%emt 0:00:01]} Qc2+ {[%emt 0:00:01]} 51. Kf1 {[%emt 0:00:01]} Qc1+ {[%emt 0:00:36]} 52. Ke2 {[%emt 0:00:03]} Qc2+ {[%emt 0:00:27]} 53. Kf1 {[%emt 0:00:01]} Nc4 {[%emt 0:00:16]} 54. Qf4 {[%emt 0:01:09]} Qb1+ {[%emt 0:00:21]} 55. Ke2 {[%emt 0:00:01]} Qxb4 {[%emt 0:00:07]} 56. Nh3 {[%emt 0:00:06]} Qb2+ {[%emt 0:00:04]} 57. Kf1 {[%emt 0:01:31]} Qb1+ {[%emt 0:00:01]} 58. Kf2 {[%emt 0:00:01]} Qb2+ {[%emt 0:00:08]} 59. Kf1 {[%emt 0:01:21]} Qa1+ {[%emt 0:00:47]} 60. Ke2 {[%emt 0:00:05]} Qb2+ {[%emt 0:00:35]} 61. Kf1 {[%emt 0:00:01]} Qb1+ {[%emt 0:00:03]} 62. Ke2 {[%emt 0:00:27]} Qb2+ {[%emt 0:00:03]} 63. Kf1 {[%emt 0:00:08]} Ne5 {[%emt 0:00:17]} 64. Ng5+ {[%emt 0:00:01]} Kh8 {[%emt 0:00:02]} 65. Kg1 {[%emt 0:01:03]} Qa1+ {[%emt 0:00:09]} 66. Kh2 {[%emt 0:00:22]} Ng4+ {[%emt 0:00:04]} 67. Kh3 {[%emt 0:00:38]} Qh1+ {[%emt 0:00:08]} 68. Kg3 {[%emt 0:00:05]} Be5 {[%emt 0:00:29]} 69. Nf7+ {[%emt 0:00:00]} Kg7 {[%emt 0:00:01]} 70. Nxe5 {[%emt 0:00:02]} Qh2+ {[%emt 0:00:00]} 71. Kf3 {[%emt 0:00:00]} Nxe5+ {[%emt 0:00:01]} 72. Ke3 {[%emt 0:00:12]} Qg1+ {[%emt 0:00:43]} 73. Kd2 {[%emt 0:00:01]} Qxg2+ {[%emt 0:00:01]} 74. Kc3 {[%emt 0:00:06]} Qf3+ {[%emt 0:00:04]} 75. Qxf3 {[%emt 0:00:00]} Nxf3 76. Kb4 {[%emt 0:00:02]} Kf6 {[%emt 0:00:02]} 77. Kb5 {[%emt 0:00:00]} Ng1 78. Ka6 Ke5 {[%emt 0:00:03]} 79. Kxa7 {[%emt 0:00:01]} b5 {[%emt 0:00:01]} 80. Kb6 {[%emt 0:00:01]} b4 {[%emt 0:00:01]} 81. Kc5 {[%emt 0:00:00]} Nf3 {[%emt 0:00:05]} 82. Kxb4 {[%emt 0:00:02]} Nxh4 {[%emt 0:00:00]} 83. Kc3 {[%emt 0:00:02]} Ng2 {[%emt 0:00:07]} 84. Kd2 {[%emt 0:00:02]} Nf4 {[%emt 0:00:01]} 85. Bf7 {[%emt 0:00:03]} Kxe4 86. Ke1 Kf5 {[%emt 0:00:14]} 87. Kf2 {[%emt 0:00:11]} g5 {[%emt 0:00:01]} 88. Kf3 {[%emt 0:00:04]} g4+ {[%emt 0:00:02]} 89. Kg3 {[%emt 0:00:02]} Kg5 {[%emt 0:00:01]} 90. Be8 {[%emt 0:00:03]} h4+ {[%emt 0:00:01]} 91. Kf2 {[%emt 0:00:01]} Nd3+ {[%emt 0:00:08]} 92. Kg2 {[%emt 0:00:02]} h3+ {[%emt 0:00:02]} 93. Kg3 {[%emt 0:00:06]} Nf4 {[%emt 0:00:10]} 94. Bc6 {[%emt 0:00:48]} Nh5+ {[%emt 0:00:02]} 95. Kh2 {[%emt 0:00:01]} Kh4 {[%emt 0:00:01]} 96. Bb7 {[%emt 0:00:50]} g3+ {[%emt 0:00:01]} 97. Kh1 {[%emt 0:00:01]} Nf4 {[%emt 0:00:06]} 98. Bf3 {[%emt 0:00:01]} h2 {[%emt 0:00:42]} 99. Bc6 {[%emt 0:00:13]} Nd3 {[%emt 0:00:01]} 100. Kg2 {[%emt 0:00:06]} Nf2 {[%emt 0:00:01]} 101. Kf1 {[%emt 0:00:01]} h1=Q+ {[%emt 0:00:02]} 102. Bxh1 {[%emt 0:00:02]} Nxh1 {[%emt 0:00:01]} 103. Kg2 {[%emt 0:00:01]} Nf2 {[%emt 0:00:01]} 104. Kf1 {[%emt 0:00:02]} Kh3 {[%emt 0:00:03]} 105. Kg1 {[%emt 0:00:00]} g2 0-1

[Event "29th Czech Open-Rapid 2018"]
[Site "Pardubice"]
[Date "2018.07.19"]
[Round "6"]
[White "Roenko, Artur"]
[Black "Nun, Jiri"]
[Result "0-1"]
[WhiteElo "2119"]
[BlackElo "2337"]
[Annotator "NA"]
[PlyCount "142"]
[EventDate "2018.07.18"]
[EventType "swiss"]
[EventCountry "CZE"]
[SourceTitle "playchess.com"]
[Source "ChessBase"]
[SourceQuality "1"]
[TimeControl "900+10"]

1. e4 {[%emt 0:00:00]} c6 {[%emt 0:00:00]} 2. d4 {[%emt 0:00:00]} g6 {[%emt 0:00:00]} 3. Nc3 {[%emt 0:00:02]} d5 {[%emt 0:00:01]} 4. e5 {[%emt 0:00:07]} Bg7 {[%emt 0:00:17]} 5. Nf3 {[%emt 0:00:28]} Bg4 {[%emt 0:00:11]} 6. h3 {[%emt 0:00:16]} Bxf3 {[%emt 0:00:02]} 7. Qxf3 {[%emt 0:00:03]} e6 {[%emt 0:00:02]} 8. h4 {[%emt 0:00:30]} h5 {[%emt 0:00:08]} 9. Bg5 {[%emt 0:00:10]} Qb6 {[%emt 0:01:39]} 10. O-O-O {[%emt 0:00:12]} a6 {[%emt 0:00:11]} 11. g4 {[%emt 0:00:34]} Nd7 {[%emt 0:00:08]} 12. Kb1 {[%emt 0:00:38]} c5 {[%emt 0:00:36]} 13. Na4 {[%emt 0:01:26]} Qc6 {[%emt 0:00:02]} 14. Nxc5 {[%emt 0:00:24]} Nxc5 {[%emt 0:00:02]} 15. dxc5 {[%emt 0:00:01]} Qxc5 {[%emt 0:00:32]} 16. gxh5 {[%emt 0:00:33]} Rxh5 {[%emt 0:00:24]} 17. Qb3 {[%emt 0:00:15]} b5 {[%emt 0:00:19]} 18. f4 {[%emt 0:01:13]} Ne7 {[%emt 0:00:44]} 19. Rd3 {[%emt 0:01:13]} Nc6 {[%emt 0:00:50]} 20. Rc3 {[%emt 0:00:35]} Qb6 {[%emt 0:00:01]} 21. Rch3 {[%emt 0:01:57]} Rc8 {[%emt 0:01:11]} 22. Be2 {[%emt 0:01:21]} Rh8 {[%emt 0:01:12]} 23. Qg3 {[%emt 0:01:56]} Qc5 {[%emt 0:02:47]} 24. Qg2 {[%emt 0:03:19]} Nxe5 {[%emt 0:00:36]} 25. fxe5 {[%emt 0:00:16]} Qxc2+ {[%emt 0:00:04]} 26. Ka1 {[%emt 0:00:17]} Bxe5 {[%emt 0:00:03]} 27. Rb3 {[%emt 0:01:11]} Rc4 {[%emt 0:02:33]} 28. Qf3 {[%emt 0:00:25]} Ra4 {[%emt 0:01:39]} 29. Rc1 {[%emt 0:00:06]} Qe4 {[%emt 0:00:26]} 30. Qxe4 {[%emt 0:00:08]} Rxe4 {[%emt 0:00:03]} 31. Bd3 {[%emt 0:00:13]} Rd4 {[%emt 0:00:06]} 32. Rc8+ {[%emt 0:00:14]} Kd7 {[%emt 0:00:01]} 33. Rxh8 Bxh8 {[%emt 0:00:01]} 34. a4 {[%emt 0:00:24]} Rxa4+ {[%emt 0:00:05]} 35. Kb1 {[%emt 0:00:03]} Kd6 {[%emt 0:00:22]} 36. Bd8 {[%emt 0:00:10]} e5 {[%emt 0:00:18]} 37. Bc2 {[%emt 0:00:09]} Rc4 {[%emt 0:00:15]} 38. Rf3 {[%emt 0:00:12]} Ke6 {[%emt 0:00:52]} 39. Bb3 {[%emt 0:00:08]} Rc8 {[%emt 0:00:06]} 40. Bb6 {[%emt 0:00:15]} e4 {[%emt 0:00:02]} 41. Re3 {[%emt 0:00:09]} f5 {[%emt 0:00:03]} 42. Rg3 {[%emt 0:00:10]} Rg8 {[%emt 0:00:14]} 43. Be3 {[%emt 0:00:09]} Be5 {[%emt 0:00:04]} 44. Rg1 {[%emt 0:00:04]} f4 {[%emt 0:00:06]} 45. Bb6 {[%emt 0:00:10]} Bf6 {[%emt 0:00:22]} 46. h5 {[%emt 0:00:09]} g5 {[%emt 0:00:09]} 47. h6 {[%emt 0:00:01]} Rh8 {[%emt 0:00:05]} 48. Rd1 {[%emt 0:00:01]} Rxh6 {[%emt 0:00:08]} 49. Bxd5+ {[%emt 0:00:03]} Kf5 {[%emt 0:00:02]} 50. Re1 {[%emt 0:00:16]} e3 {[%emt 0:00:03]} 51. Bb3 {[%emt 0:00:01]} Rh2 {[%emt 0:00:07]} 52. Bc2+ {[%emt 0:00:05]} Kg4 {[%emt 0:00:23]} 53. Bxe3 {[%emt 0:00:33]} fxe3 {[%emt 0:00:05]} 54. Rxe3 {[%emt 0:00:01]} Rf2 {[%emt 0:00:10]} 55. Ra3 {[%emt 0:00:13]} b4 {[%emt 0:00:12]} 56. Rd3 {[%emt 0:00:38]} a5 {[%emt 0:00:09]} 57. b3 {[%emt 0:00:06]} Bc3 {[%emt 0:00:27]} 58. Bd1+ {[%emt 0:00:05]} Kf4 {[%emt 0:00:02]} 59. Rd7 {[%emt 0:00:16]} Rd2 {[%emt 0:00:29]} 60. Rf7+ {[%emt 0:00:01]} Kg3 {[%emt 0:00:06]} 61. Bh5 {[%emt 0:00:10]} Rb2+ {[%emt 0:00:10]} 62. Kc1 {[%emt 0:00:06]} Rxb3 {[%emt 0:00:05]} 63. Rf5 {[%emt 0:00:05]} Kh4 {[%emt 0:00:07]} 64. Bf7 {[%emt 0:00:01]} Ra3 {[%emt 0:00:07]} 65. Kc2 {[%emt 0:00:13]} a4 {[%emt 0:00:09]} 66. Rc5 {[%emt 0:00:10]} g4 {[%emt 0:00:09]} 67. Rc4 {[%emt 0:00:04]} Ra2+ {[%emt 0:00:16]} 68. Kc1 {[%emt 0:00:03]} Rf2 {[%emt 0:00:10]} 69. Be6 {[%emt 0:00:09]} Rg2 {[%emt 0:00:01]} 70. Bd5 {[%emt 0:00:16]} Rg3 {[%emt 0:00:17]} 71. Bc6 {[%emt 0:00:09]} b3 {[%emt 0:00:10]} 0-1

[Event "29th Czech Open-Rapid 2018"]
[Site "Pardubice"]
[Date "2018.07.19"]
[Round "6"]
[White "Mitra, Roman"]
[Black "Brejnik, Gustav"]
[Result "0-1"]
[WhiteElo "2118"]
[BlackElo "1951"]
[Annotator "NA"]
[PlyCount "84"]
[EventDate "2018.07.18"]
[EventType "swiss"]
[EventCountry "CZE"]
[SourceTitle "playchess.com"]
[Source "ChessBase"]
[SourceQuality "1"]
[TimeControl "900+10"]

1. e4 {[%emt 0:00:00]} c6 {[%emt 0:00:00]} 2. e5 {[%emt 0:00:00]} d5 {[%emt 0:00:55]} 3. exd6 {[%emt 0:00:03]} Qxd6 {[%emt 0:00:33]} 4. d4 {[%emt 0:00:02]} Bf5 {[%emt 0:00:04]} 5. Nf3 {[%emt 0:00:03]} Nd7 {[%emt 0:00:08]} 6. Nbd2 {[%emt 0:00:53]} Nb6 {[%emt 0:01:01]} 7. Be2 {[%emt 0:00:35]} g6 {[%emt 0:00:48]} 8. O-O {[%emt 0:00:03]} Bg7 {[%emt 0:00:01]} 9. c3 {[%emt 0:00:23]} Nf6 {[%emt 0:01:47]} 10. b3 {[%emt 0:00:05]} O-O {[%emt 0:00:13]} 11. a4 {[%emt 0:00:13]} Qc7 {[%emt 0:00:21]} 12. Re1 {[%emt 0:00:41]} Nfd5 {[%emt 0:00:14]} 13. Bb2 {[%emt 0:00:19]} Nf4 {[%emt 0:00:03]} 14. a5 {[%emt 0:00:15]} Nbd5 {[%emt 0:00:43]} 15. Nc4 {[%emt 0:00:53]} Nxe2+ {[%emt 0:00:18]} 16. Rxe2 {[%emt 0:00:03]} Nf4 {[%emt 0:00:19]} 17. Rd2 {[%emt 0:00:04]} Rad8 {[%emt 0:00:30]} 18. Ne3 {[%emt 0:00:02]} Bc8 {[%emt 0:01:04]} 19. c4 {[%emt 0:00:22]} e6 {[%emt 0:01:21]} 20. Bc3 {[%emt 0:00:02]} c5 {[%emt 0:00:11]} 21. Rc1 {[%emt 0:01:04]} a6 {[%emt 0:00:21]} 22. b4 {[%emt 0:00:16]} cxd4 {[%emt 0:00:08]} 23. Bxd4 {[%emt 0:00:05]} Bxd4 {[%emt 0:00:26]} 24. Nxd4 {[%emt 0:00:08]} e5 {[%emt 0:00:20]} 25. Nf3 {[%emt 0:00:10]} e4 {[%emt 0:00:19]} 26. Ne1 {[%emt 0:00:07]} Be6 {[%emt 0:00:52]} 27. Nd5 {[%emt 0:00:21]} Bxd5 {[%emt 0:00:07]} 28. cxd5 {[%emt 0:00:02]} Qe7 {[%emt 0:00:16]} 29. Rd4 {[%emt 0:00:08]} Qe5 {[%emt 0:00:30]} 30. Rcc4 {[%emt 0:01:34]} Rxd5 {[%emt 0:00:20]} 31. Rxd5 {[%emt 0:00:02]} Nxd5 {[%emt 0:00:18]} 32. Qd4 {[%emt 0:00:36]} Qxd4 {[%emt 0:00:23]} 33. Rxd4 {[%emt 0:00:01]} Nf6 {[%emt 0:00:21]} 34. Rd6 {[%emt 0:00:02]} Kg7 {[%emt 0:00:02]} 35. Rb6 {[%emt 0:00:01]} Rb8 {[%emt 0:00:20]} 36. Rd6 {[%emt 0:00:02]} Rc8 {[%emt 0:00:09]} 37. Kf1 {[%emt 0:00:01]} Ng4 {[%emt 0:00:33]} 38. h3 {[%emt 0:00:12]} Ne5 {[%emt 0:00:06]} 39. Rd5 {[%emt 0:00:30]} Kf6 {[%emt 0:00:12]} 40. b5 {[%emt 0:00:04]} Ke6 {[%emt 0:00:29]} 41. Rd4 {[%emt 0:00:03]} Rc4 {[%emt 0:00:03]} 42. bxa6 {[%emt 0:00:10]} Rxd4 {[%emt 0:00:21]} 0-1

[Event "29th Czech Open-Rapid 2018"]
[Site "Pardubice"]
[Date "2018.07.19"]
[Round "6"]
[White "Kukelko, Alexey"]
[Black "Skoloud, Barnabas"]
[Result "1-0"]
[WhiteElo "2109"]
[BlackElo "1637"]
[Annotator "NA"]
[PlyCount "59"]
[EventDate "2018.07.18"]
[EventType "swiss"]
[EventCountry "CZE"]
[SourceTitle "playchess.com"]
[Source "ChessBase"]
[SourceQuality "1"]
[TimeControl "900+10"]

1. e4 {[%emt 0:00:00]} d6 {[%emt 0:00:00]} 2. d4 {[%emt 0:00:00]} Nf6 {[%emt 0:00:00]} 3. Nc3 {[%emt 0:00:00]} Nbd7 {[%emt 0:00:00]} 4. f4 {[%emt 0:00:00]} e5 {[%emt 0:00:00]} 5. Nf3 {[%emt 0:00:00]} exd4 {[%emt 0:00:24]} 6. Qxd4 {[%emt 0:00:00]} c5 {[%emt 0:02:05]} 7. Qd3 {[%emt 0:01:10]} g6 {[%emt 0:00:12]} 8. Be3 {[%emt 0:00:23]} Bg7 {[%emt 0:00:06]} 9. Qxd6 {[%emt 0:00:20]} Qb6 {[%emt 0:00:54]} 10. Qxb6 {[%emt 0:00:13]} axb6 {[%emt 0:00:06]} 11. e5 {[%emt 0:00:07]} Ng4 {[%emt 0:00:05]} 12. Bd2 {[%emt 0:00:41]} O-O {[%emt 0:00:21]} 13. h3 {[%emt 0:00:01]} Nh6 {[%emt 0:00:01]} 14. g4 {[%emt 0:00:00]} Re8 {[%emt 0:00:43]} 15. O-O-O {[%emt 0:00:14]} f6 {[%emt 0:00:08]} 16. Bc4+ {[%emt 0:00:11]} Nf7 {[%emt 0:00:23]} 17. e6 {[%emt 0:00:03]} Nd6 {[%emt 0:00:08]} 18. exd7+ {[%emt 0:00:02]} Kh8 {[%emt 0:00:01]} 19. dxe8=Q+ {[%emt 0:00:09]} Nxe8 {[%emt 0:00:01]} 20. Be3 {[%emt 0:00:17]} h6 {[%emt 0:00:21]} 21. Rd8 {[%emt 0:00:04]} Kh7 {[%emt 0:00:07]} 22. Rxe8 {[%emt 0:00:01]} g5 {[%emt 0:00:05]} 23. Bd3+ {[%emt 0:00:03]} f5 {[%emt 0:00:02]} 24. fxg5 {[%emt 0:00:13]} hxg5 {[%emt 0:00:02]} 25. Nxg5+ {[%emt 0:00:07]} Kh6 {[%emt 0:00:02]} 26. gxf5 {[%emt 0:00:15]} c4 {[%emt 0:00:05]} 27. Ne6+ {[%emt 0:00:11]} Kh5 {[%emt 0:00:07]} 28. Nxg7+ {[%emt 0:00:03]} Kh4 {[%emt 0:00:01]} 29. Rg1 {[%emt 0:00:08]} Bxf5 {[%emt 0:00:06]} 30. Bf2+ {[%emt 0:00:05]} 1-0